[Event "Hoogovens"]
[Site "Wijk aan Zee"]
[Date "1988.??.??"]
[Round "?"]
[White "Van der Sterren, Paul"]
[Black "Hansen, Curt"]
[Result "1/2-1/2"]
[WhiteElo "2470"]
[BlackElo "2560"]

1.Nf3 c5 2.c4 Nc6 3.Nc3 g6 4.e3 Nf6 5.d4 cxd4 6.exd4 d5 7.cxd5 Nxd5 8.Qb3 Nxc3
9.Bc4 e6 10.bxc3 Bd7 11.Bd3 Na5 12.Qc2 Rc8 13.O-O Qc7 14.Qe2 Bg7 15.Ba3 Nc4
16.Bc5 Nd6 17.Ne5 b6 18.Bb4 a5 19.Ba3 O-O 20.Rab1 Rfd8 21.Bxd6 Qxd6 22.Nc4 Qf4
23.Rxb6 Bc6 24.Ne3 Ba8 25.Nd1 e5 26.Ba6 Rc7 27.dxe5 Bxe5 28.g3 Qf3 29.Qxf3 Bxf3
30.Rb1 Rd2 31.Re1 Bf6 32.a4 Rcd7 33.Ne3 Bxc3 34.Bb5 Rd8 35.Nf1 Rb2 36.Rxb2 Bxe1
37.Rb3 Ba8 38.Re3 Bb4 39.Re8+ Rxe8 40.Bxe8 Kf8 41.Bb5 Ke7 42.Ne3 Kd6 43.Kf1 Bf3
44.Bc4 f6 45.Bg8 h5 46.Bf7 g5 47.h4 gxh4 48.Nf5+ Kc5 49.gxh4 Bd1 50.Be8 Bc3
51.Kg2 Be5 52.Ne3 Bb3 53.Bxh5 Bxa4 54.Bf7 Bc3 55.Kh3 Bd7+ 56.Kg2 a4 57.h5 a3
58.h6 f5 59.Nc2 Bb2 60.h7 f4 61.Nxa3 Bf5  1/2-1/2

[Event "Hoogovens"]
[Site "Wijk aan Zee"]
[Date "1988.??.??"]
[Round "?"]
[White "Huebner, Robert"]
[Black "Sosonko, Gennadi"]
[Result "1/2-1/2"]
[WhiteElo "2595"]
[BlackElo "2535"]

1.c4 Nf6 2.Nc3 e5 3.g3 d5 4.cxd5 Nxd5 5.Bg2 Nb6 6.Nf3 Nc6 7.O-O Be7 8.a3 Be6
9.b4 f5 10.d3 O-O 11.Bb2 Bf6 12.Nd2 Bf7 13.Nb3 e4 14.Nc5 Rb8 15.Rc1 exd3
16.Nxb7 dxe2 17.Qxe2 Nd4 18.Nxd8 Nxe2+ 19.Nxe2 Bxb2 20.Rb1 Rfxd8 21.Rxb2  1/2-1/2